000 00995nam a22003257a 4500
001 0003166
003 KOHA_MİRAKIL
005 20260207001329.0
007 ta
008 090323b1997 tu |||gr||||#||||0|tur |
020 _a9759515520
040 _aTR-BiSEU
_btur
_cTR-BiSEU
_erda
041 0 _atur
044 _ctu
050 _aHF5633
_b.O93 1997
100 1 _aÖzbank, H. Atilla.
245 1 _a1, 2, 3, 4, 5, 6 ve 7 sıra nolu muhasebe sistemi uygulama genel tebliğleri :
_btekdüzen hesap planı ile mali tablolar açıklamaları ve örnekli uygulama kılavuzu/
_cH. Atilla Özbank ; H. Atilla Özbank.
250 _a3. bs.
264 1 _aİstanbul :
_bÖzbank
_c1997
300 _a864 sayfa
336 _ametin
_btxt
_2rdacontent
337 _aaracısız
_bn
_2rdamedia
338 _acilt
_bnc
_2rdacarrier
490 1 _aÖzbank seri ;
_vno.
490 1 _a1.
650 0 _aMuhasebe.
_92513
830 1 _aÖzbank seri ;
_vno.
_97993
830 1 _a1.
_92570
942 _2lcc
_cBK
999 _c3150
_d3150